000 00545nam a2200193 4500
001 120886
003 ES-MaACL
005 20250111062531.0
007 t|
008 070214s1984 sp r ||||1| spa d
100 1 _aPombo, Álvaro.
_9138657
245 1 3 _aEl hijo adoptivo /
_cAlvaro Pombo.
260 _aBarcelona :
_bAnagrama,
_c1984.
300 _a140 p. ;
_c20 cm.
490 1 _aNarrativas hispánicas ;
_v4
830 0 0 _aNarrativas hispánicas (Anagrama)
_v4
_9178124
852 _aES-MaACL
_jL-7870
_bR.106978
999 _c120886
_d120886